|
|
|
|
| LEADER |
00000nam0a2200000 4500 |
| 001 |
231827 |
| 005 |
20231101231122.0 |
| 035 |
|
|
|a (RuTPU)RU\TPU\book\252853
|
| 090 |
|
|
|a 231827
|
| 100 |
|
|
|a 20130206d1953 k y0rusy50 ca
|
| 101 |
0 |
|
|a rus
|
| 102 |
|
|
|a KG
|
| 105 |
|
|
|a a z 001zy
|
| 200 |
1 |
|
|a Труды института геологии
|h Вып. 4
|f Академия наук СССР (АН СССР), Киргизский филиал
|
| 210 |
|
|
|a Фрунзе
|c Изд-во Киргизфан СССР
|d 1953
|
| 215 |
|
|
|a 87 с.
|c ил.
|
| 317 |
|
|
|5 63413507: КР-936
|a Поступила в НТБ в 2004 г. в составе книжного собрания профессора ТПИ К. В. Радугина.
|
| 320 |
|
|
|a Библиография в конце статей
|
| 606 |
1 |
|
|a Геология
|2 stltpush
|3 (RuTPU)RU\TPU\subj\6095
|9 34054
|
| 610 |
1 |
|
|a Южная Фергана
|
| 610 |
1 |
|
|a известковые конкреции
|
| 610 |
1 |
|
|a гипсоносные отложения
|
| 610 |
1 |
|
|a формирование
|
| 610 |
1 |
|
|a барит
|
| 610 |
1 |
|
|a биотит
|
| 610 |
1 |
|
|a метасоматизм
|
| 610 |
1 |
|
|a фауна
|
| 610 |
1 |
|
|a находки
|
| 610 |
1 |
|
|a мергелистые глины
|
| 610 |
1 |
|
|a полевой шпат
|
| 610 |
1 |
|
|a библиотека К. В. Радугина
|
| 675 |
|
|
|a 55
|v 3
|
| 712 |
0 |
2 |
|a Академия наук СССР (АН СССР)
|b Киргизский филиал
|2 stltpush
|3 (RuTPU)RU\TPU\col\18564
|
| 801 |
|
1 |
|a RU
|b 63413507
|c 20130206
|
| 801 |
|
2 |
|a RU
|b 63413507
|c 20130806
|g RCR
|
| 942 |
|
|
|c BK
|